15 Bands on W - Statistics

General Stats
  • This quiz has been taken 18 times
  • The average score is 4 of 15
Answer Stats
Answer % Correct
the Who
85%
Weezer
62%
Wham
54%
the White Stripes
46%
Whitesnake
46%
Westlife
31%
Wings
23%
Weeping Willows
15%
Wet Wet Wet
15%
White Zombie
15%
Wolfmother
15%
the Weather Girls
8%
the Waitresses
0%
the Wombats
0%
Within Temptation
0%
No matching quizzes found
Score Distribution
Percent of People with Each Score
Percentile by Number Answered
Your Score History
You have not taken this quiz